Try marriage before divorce. (Record no. 16882)

000 -LEADER
fixed length control field 00481nam a2200169 a 4500
001 - CONTROL NUMBER
control field :::00020214$&:&@@
003 - CONTROL NUMBER IDENTIFIER
control field OkBaRHE
005 - DATE AND TIME OF LATEST TRANSACTION
control field 20020206122657.0
008 - FIXED-LENGTH DATA ELEMENTS--GENERAL INFORMATION
fixed length control field s1978 j 000 0 eng u
040 ## - CATALOGING SOURCE
Transcribing agency
100 1# - MAIN ENTRY--PERSONAL NAME
Personal name Kilgore, James E.
245 10 - TITLE STATEMENT
Title Try marriage before divorce.
260 ## - PUBLICATION, DISTRIBUTION, ETC. (IMPRINT)
Place of publication, distribution, etc Waco, TX
Name of publisher, distributor, etc Word Books
Date of publication, distribution, etc 1978
300 ## - PHYSICAL DESCRIPTION
Extent 158 p.
942 ## - ADDED ENTRY ELEMENTS (KOHA)
Source of classification or shelving scheme
Koha item type Books
Copies
Withdrawn status Date acquired Copy number Damaged status Date last seen Shelving location Permanent Location Full call number Price effective from Barcode Source of classification or shelving scheme Koha item type Not for loan Lost status
 2010-04-141 2010-04-14General StacksRHEMA Bible Training CollegeHQ 734 .K48152010-04-1420214 Books